书目信息 |
| 题名: |
第二次世界大战后初期中美日战略格局的演变
|
|
| 作者: | 刘早荣 著 | |
| 分册: | ||
| 出版信息: | 北京 中国社会科学出版社 2011.09 |
|
| 页数: | 291页 | |
| 开本: | 24cm | |
| 丛书名: | 武汉大学政治与公共管理学院学术丛书 | |
| 单 册: | ||
| 中图分类: | D822.371.2 , D822.331.3 | |
| 科图分类: | ||
| 主题词: | 中美关系--研究--1945-1954 , 中日关系--研究--1945-1954 , 日美关系--研究--1945-1954 , 中美关系 , 中日关系 , 日美关系 | |
| 电子资源: | ||
| ISBN: | 978-7-5161-0189-6 | |
| 000 | 01296oam2 2200325 450 | |
| 001 | 010700119129 | |
| 005 | 20120626152953.51 | |
| 010 | @a978-7-5161-0189-6@dCNY39.00 | |
| 100 | @a20111220d2011 em y0chiy0110 ea | |
| 101 | 0 | @achi |
| 102 | @aCN@b110000 | |
| 105 | @ay z 000yy | |
| 106 | @ar | |
| 200 | 1 | @a第二次世界大战后初期中美日战略格局的演变@9di er ci shi jie da zhan hou chu qi zhong mei ri zhan lue ge ju de yan bian@e1945-1954@f刘早荣著 |
| 210 | @a北京@c中国社会科学出版社@d2011.09 | |
| 215 | @a291页@d24cm | |
| 225 | 1 | @a武汉大学政治与公共管理学院学术丛书 |
| 300 | @a武汉大学自主科研项目(人文社会科学)研究成果,得到“中央高校基本科研业务专项资金”资助 | |
| 330 | @a本书以中国因素为线索,探讨1945-1954年中美日战略三角由中美结盟对抗与防范日本向美日结盟对抗中国转变的历史进程,并在探讨中美日三角关系转变的历史进程基础上,揭示中美日三角关系演变的内在动因机制、特点及中美日三角之间的权力和利益分配格局。 | |
| 606 | 0 | @a中美关系@x研究@z1945-1954 |
| 606 | 0 | @a中日关系@x研究@z1945-1954 |
| 606 | 0 | @a日美关系@x研究@z1945-1954 |
| 606 | 0 | @a中美关系 |
| 606 | 0 | @a中日关系 |
| 606 | 0 | @a日美关系 |
| 690 | @aD822.371.2@v4 | |
| 690 | @aD822.331.3@v4 | |
| 701 | 0 | @a刘早荣@9liu zao rong@c(女)@4著 |
| 801 | 0 | @aCN@bNLC@c20120222 |
| 905 | @b540961-65@dD822.371.2@e130@f5 | |
| 第二次世界大战后初期中美日战略格局的演变:1945-1954/刘早荣著.-北京:中国社会科学出版社,2011.09 |
| 291页;24cm.-(武汉大学政治与公共管理学院学术丛书) |
| 武汉大学自主科研项目(人文社会科学)研究成果,得到“中央高校基本科研业务专项资金”资助 |
| ISBN 978-7-5161-0189-6:CNY39.00 |
| 本书以中国因素为线索,探讨1945-1954年中美日战略三角由中美结盟对抗与防范日本向美日结盟对抗中国转变的历史进程,并在探讨中美日三角关系转变的历史进程基础上,揭示中美日三角关系演变的内在动因机制、特点及中美日三角之间的权力和利益分配格局。 |
| ● |
| 相关链接 |
|
|
|
|
正题名:第二次世界大战后初期中美日战略格局的演变
索取号:D822.371.2/130
 
预约/预借
| 序号 | 登录号 | 条形码 | 馆藏地/架位号 | 状态 | 备注 |
| 1 | 540961 | 205409618 | 第一样本阅览室/ [索取号:D822.371.2/130] | 在馆 | |
| 2 | 540962 | 205409627 | 密集书库-史法系/ [索取号:D822.371.2/130] | 在馆 | |
| 3 | 540963 | 205409636 | 第一借阅区/ [索取号:D822.371.2/130] | 在馆 | |
| 4 | 540964 | 205409645 | 第一借阅区/ [索取号:D822.371.2/130] | 在馆 | |
| 5 | 540965 | 205409654 | 第一借阅区/ [索取号:D822.371.2/130] | 在馆 |